[Event "aut_ychb14 Deutschlandsberg"]
[Site "Deutschlandsberg, Laßnitzhaus"]
[Date "2006.??.??"]
[Round "4.8"]
[White "Gerhold, Christoph"]
[Black "Ammann, Stephan"]
[Result "0-1"]
[WhiteElo "1634"]
[BlackElo "1370"]
[PlyCount "90"]
[EventDate "2006.06.03"]

1. c4 e5 2. Nc3 d6 3. g3 Nc6 4. Bg2 Be6 5. d3 Be7 6. Nf3 Qd7 7. Qb3 Nd8 8. h3
c6 9. Bd2 f6 10. a3 b5 11. Qa2 bxc4 12. dxc4 d5 13. cxd5 cxd5 14. b3 Rb8 15.
Rb1 d4 16. Na4 Qb5 17. Nb2 Bxb3 18. Qa1 Bc2 19. a4 Qb3 20. Bc1 Bxb1 21. Qxb1
Bb4+ 22. Kf1 Bc3 23. Qe4 Bxb2 24. Bf4 Qd1+ 25. Ne1 Ba3 26. Bxe5 Rb1 27. Bxf6+
Be7 28. Kg1 Nxf6 29. Qf5 O-O 30. Kh2 Qxe2 31. Qxb1 Qxf2 32. Rf1 Qe3 33. Nf3 Bd6
34. Qa2+ Kh8 35. Re1 Qh6 36. Nxd4 Qg6 37. Qb3 Nh5 38. Ne2 Re8 39. Qf3 Nxg3 40.
Nf4 Nh5 41. Rxe8+ Qxe8 42. Qxh5 Bxf4+ 43. Kg1 Qxh5 44. h4 Be3+ 45. Kf1 Qd1# 0-1

[Event "aut_ychb14 Deutschlandsberg"]
[Site "Deutschlandsberg, Laßnitzhaus"]
[Date "2006.??.??"]
[Round "4.9"]
[White "Stagl, Marco"]
[Black "Banczi, Thomas"]
[Result "1-0"]
[WhiteElo "1581"]
[BlackElo "1415"]
[PlyCount "89"]
[EventDate "2006.06.03"]

1. d4 e6 2. c4 Nf6 3. g3 Nc6 4. Bg2 b6 5. e4 Bb4+ 6. Nc3 Bxc3+ 7. bxc3 Ba6 8.
e5 Ng8 9. Qa4 Bb7 10. Nf3 Na5 11. c5 Bd5 12. O-O Ne7 13. cxb6 axb6 14. Qc2 h6
15. Nd2 Bxg2 16. Kxg2 Nf5 17. Bb2 c6 18. c4 Qc7 19. Rfc1 Qb7 20. Kg1 Rc8 21.
Rab1 O-O 22. Bc3 Qa6 23. Ba1 b5 24. c5 Rb8 25. Rb4 Ne7 26. Qd3 Nd5 27. Rb2 Qa7
28. a3 Rb7 29. Rbb1 Rfb8 30. Bc3 b4 31. axb4 Nxb4 32. Bxb4 Rxb4 33. Rxb4 Rxb4
34. Qa3 Rb5 35. Ra1 Qc7 36. Qc3 Kf8 37. Ne4 Nb7 38. Ra8+ Ke7 39. Nd6 Rb1+ 40.
Kg2 Nd8 41. Qc2 Rb8 42. Rxb8 Qxb8 43. Qh7 Nb7 44. Qxg7 Qf8 45. Qf6# 1-0

[Event "aut_ychb14 Deutschlandsberg"]
[Site "Deutschlandsberg, Laßnitzhaus"]
[Date "2006.??.??"]
[Round "4.10"]
[White "Singer, Gerald"]
[Black "Riemelmoser, Stefan"]
[Result "0-1"]
[WhiteElo "1669"]
[BlackElo "1581"]
[PlyCount "126"]
[EventDate "2006.06.03"]

1. d4 e6 2. c4 d5 3. Nf3 Nf6 4. g3 Be7 5. Bg2 dxc4 6. Nbd2 Nc6 7. e3 Bb4 8. O-O
c3 9. Nc4 cxb2 10. Bxb2 O-O 11. Qb3 Be7 12. Nfe5 Qe8 13. Nxc6 bxc6 14. Ne5 Bd7
15. Ba3 Rb8 16. Qa4 Bd6 17. Nxd7 Qxd7 18. Bxc6 Qe7 19. Bxd6 cxd6 20. Rab1 Rfc8
21. Bg2 d5 22. Rfc1 g6 23. Qa6 Rxc1+ 24. Rxc1 Rb2 25. h3 Qb4 26. a3 Qd2 27. Rf1
Nh5 28. Qc8+ Kg7 29. Qc1 Qe2 30. Kh2 Qc2 31. Kg1 Ra2 32. Qxc2 Rxc2 33. Ra1 Nf6
34. a4 a5 35. Bf3 Ne4 36. Bxe4 dxe4 37. Kg2 f5 38. h4 Kf6 39. Kg1 g5 40. Kg2
gxh4 41. gxh4 Rb2 42. Kg3 Rb4 43. Kf4 Rc4 44. Ra2 Rc8 45. f3 exf3 46. Kxf3 h5
47. Rg2 Rc4 48. Rg5 Rxa4 49. Rxh5 Ra1 50. Rh6+ Kf7 51. Kf4 a4 52. h5 a3 53. Ke5
Re1 54. Rf6+ Kg8 55. Rg6+ Kh7 56. Rg2 Rxe3+ 57. Kf6 f4 58. h6 f3 59. Rg7+ Kxh6
60. Rg1 Kh5 61. d5 exd5 62. Kf5 Kh4 63. Kf4 f2 0-1

[Event "aut_ychg12 Deutschlandsberg"]
[Site "Deutschlandsberg, Laßnitzhaus"]
[Date "2006.??.??"]
[Round "4.1"]
[White "Froewis, Annika"]
[Black "Krivda, Manuela"]
[Result "1-0"]
[WhiteElo "1720"]
[BlackElo "1398"]
[PlyCount "41"]
[EventDate "2006.06.03"]

1. e4 c5 2. Nf3 d6 3. d4 cxd4 4. Nxd4 Nc6 5. Nc3 g6 6. Be3 Bg7 7. f3 Nf6 8. Qd2
Bd7 9. O-O-O Qc7 10. Ncb5 Qd8 11. g4 a6 12. Na3 O-O 13. h4 Nxd4 14. Bxd4 Bc6
15. h5 Rc8 16. hxg6 fxg6 17. Bc4+ Kh8 18. Bxf6 Rxf6 19. Qh2 h6 20. Qd2 Rxf3 21.
Rxh6+ 1-0

[Event "aut_ychg12 Deutschlandsberg"]
[Site "Deutschlandsberg, Laßnitzhaus"]
[Date "2006.??.??"]
[Round "4.2"]
[White "Gerhold, Doris"]
[Black "Kessler, Michaela"]
[Result "0-1"]
[WhiteElo "1511"]
[BlackElo "1523"]
[PlyCount "54"]
[EventDate "2006.06.03"]

1. e4 c6 2. d4 d5 3. exd5 cxd5 4. Nf3 Nf6 5. Bd3 Bg4 6. h3 Bh5 7. Bf4 Nc6 8.
Nc3 e6 9. Be2 Qb6 10. Rb1 Bxf3 11. Bxf3 Qxd4 12. O-O Qxf4 13. Nb5 Be7 14. Qe2
O-O 15. Rbd1 Ne5 16. Rd4 Nxf3+ 17. gxf3 Qb8 18. Kh1 a6 19. Nc3 Qc7 20. Rg1 Rac8
21. Qd2 Nd7 22. Qh6 g6 23. h4 Bf6 24. Rd3 Bg7 25. Qg5 Qe5 26. Qg4 Nf6 27. h5
Nxg4 0-1

[Event "aut_ychg12 Deutschlandsberg"]
[Site "Deutschlandsberg, Laßnitzhaus"]
[Date "2006.??.??"]
[Round "4.3"]
[White "Monadjem, Mina"]
[Black "Bauer, Valentina"]
[Result "1/2-1/2"]
[WhiteElo "1301"]
[BlackElo "1389"]
[PlyCount "39"]
[EventDate "2006.06.03"]

1. e4 e6 2. d4 d5 3. Nc3 dxe4 4. Nxe4 Nd7 5. Nf3 Ngf6 6. Nxf6+ Nxf6 7. Bg5 Be7
8. Qe2 h6 9. Bxf6 Bxf6 10. O-O-O Bd7 11. Kb1 Qe7 12. g3 O-O-O 13. Bg2 Bc6 14.
Rhg1 Rhe8 15. Ne5 Bxe5 16. dxe5 Rxd1+ 17. Qxd1 Rd8 18. Qe2 Bxg2 19. Rxg2 Rd5
20. c4 1/2-1/2

[Event "aut_ychg12 Deutschlandsberg"]
[Site "Deutschlandsberg, Laßnitzhaus"]
[Date "2006.??.??"]
[Round "4.4"]
[White "Wilfling, Sandra"]
[Black "Tarmastin, Laura"]
[Result "1/2-1/2"]
[WhiteElo "1409"]
[BlackElo "1477"]
[PlyCount "30"]
[EventDate "2006.06.03"]

1. d4 d5 2. c4 c6 3. Nc3 Nf6 4. Bg5 Nbd7 5. e3 g6 6. Nf3 Bg7 7. Be2 a6 8. O-O
O-O 9. Rc1 Qb6 10. Qc2 e6 11. Rfd1 h6 12. Bh4 Qb4 13. a3 Qe7 14. Ne5 Nb6 15. h3
h5 1/2-1/2

[Event "aut_ychg12 Deutschlandsberg"]
[Site "Deutschlandsberg, Laßnitzhaus"]
[Date "2006.??.??"]
[Round "4.5"]
[White "Teufl, Franziska"]
[Black "Plessl, Ursula"]
[Result "1/2-1/2"]
[WhiteElo "1308"]
[BlackElo "1200"]
[PlyCount "47"]
[EventDate "2006.06.03"]

1. e4 e5 2. Nf3 Nc6 3. Bc4 Bc5 4. Nc3 Nf6 5. d3 Ng4 6. O-O O-O 7. Qe2 Qf6 8.
Be3 Nd4 9. Bxd4 Bxd4 10. Nxd4 exd4 11. Nd5 Qh4 12. h3 Ne5 13. Bb3 c6 14. Nb4 d6
15. a4 Qg5 16. Kh1 Qh4 17. f4 Ng4 18. Kg1 Re8 19. hxg4 Bxg4 20. Qd2 d5 21. e5
f6 22. Rfe1 fxe5 23. fxe5 Re6 24. Rf1 1/2-1/2

[Event "aut_ychg12 Deutschlandsberg"]
[Site "Deutschlandsberg, Laßnitzhaus"]
[Date "2006.??.??"]
[Round "4.6"]
[White "Schnegg, Anna-Lena"]
[Black "Boehm, Beatrice"]
[Result "1-0"]
[WhiteElo "1283"]
[BlackElo "1200"]
[PlyCount "79"]
[EventDate "2006.06.03"]

1. e4 d6 2. d4 e5 3. Nf3 Nc6 4. d5 Nb4 5. Nc3 Bg4 6. a3 Na6 7. Bb5+ Ke7 8. Bg5+
Nf6 9. h3 Bh5 10. g4 Bg6 11. Qe2 h6 12. Bh4 Nc5 13. O-O-O Ncxe4 14. Nxe4 a6 15.
Bxf6+ gxf6 16. Bc4 c6 17. dxc6 bxc6 18. Nh4 Bh7 19. Qf3 Bg7 20. Nf5+ Bxf5 21.
Qxf5 Qb6 22. Rxd6 Rhd8 23. Rhd1 Qc7 24. Re6+ Kf8 25. Red6 Rxd6 26. Rxd6 Rd8 27.
Rxd8+ Qxd8 28. h4 Qd4 29. Qc8+ Ke7 30. Qc7+ Ke8 31. Qxf7+ Kd8 32. Qg8+ Ke7 33.
Qxg7+ Kd8 34. Qxf6+ Kd7 35. Qd6+ Ke8 36. Qxc6+ Ke7 37. Qb7+ Qd7 38. Qxd7+ Kxd7
39. Bxa6 Ke6 40. b4 1-0

[Event "aut_ychg14 Deutschlandsberg"]
[Site "Deutschlandsberg, Laßnitzhaus"]
[Date "2006.??.??"]
[Round "4.1"]
[White "Konrad, Jasmin"]
[Black "Newrkla, Katharina"]
[Result "1/2-1/2"]
[WhiteElo "1471"]
[BlackElo "1700"]
[PlyCount "117"]
[EventDate "2006.06.03"]

1. e4 c5 2. Nf3 d6 3. d4 cxd4 4. Nxd4 Nf6 5. Nc3 g6 6. Be3 Bg7 7. f3 O-O 8. Qd2
Nc6 9. g4 Nxd4 10. Bxd4 Be6 11. Nd5 Bxd5 12. exd5 e5 13. dxe6 fxe6 14. g5 Nd5
15. Bxg7 Kxg7 16. Be2 Rc8 17. h4 Qb6 18. c3 Qe3 19. Qxe3 Nxe3 20. Kd2 Nf5 21.
Rh3 Kf7 22. Rd1 Ke7 23. Ke1 Ne3 24. Rd2 Rc5 25. Kf2 Nf5 26. h5 Rf7 27. hxg6
hxg6 28. Bd3 Kd7 29. Re2 Ne7 30. Rg3 Rh7 31. Kg2 Rh4 32. Re4 Rh5 33. f4 Rc8 34.
Rge3 Nd5 35. Re1 Rf8 36. Kg3 e5 37. fxe5 Rxg5+ 38. Kh4 Rh5+ 39. Kg4 dxe5 40.
Rxe5 Rxe5 41. Rxe5 Ne7 42. b4 Rf2 43. Re2 Rxe2 44. Bxe2 Nd5 45. Bd3 Nxc3 46. a3
Kd6 47. Bxg6 Nb5 48. a4 Nc3 49. a5 Nd5 50. Be4 Nf6+ 51. Kf4 Nxe4 52. Kxe4 Kc6
53. Kd4 Kb5 54. Kc3 Ka4 55. Kc4 Ka3 56. Kb5 Kb3 57. a6 bxa6+ 58. Kxa6 Kxb4 59.
Kxa7 1/2-1/2

[Event "aut_ychg14 Deutschlandsberg"]
[Site "Deutschlandsberg, Laßnitzhaus"]
[Date "2006.??.??"]
[Round "4.2"]
[White "Berghofer, Anja"]
[Black "Anker, Christin"]
[Result "1/2-1/2"]
[WhiteElo "1589"]
[BlackElo "1364"]
[PlyCount "33"]
[EventDate "2006.06.03"]

1. e4 e5 2. Nf3 Nc6 3. Bb5 Bc5 4. O-O d6 5. d4 exd4 6. Nxd4 Nge7 7. b3 O-O 8.
Nxc6 Nxc6 9. Bb2 Qg5 10. Bxc6 bxc6 11. Kh1 Re8 12. f4 Qe7 13. b4 Bb6 14. Nd2
Bd7 15. f5 f6 16. Qf3 c5 17. Qh3 1/2-1/2

[Event "aut_ychg14 Deutschlandsberg"]
[Site "Deutschlandsberg, Laßnitzhaus"]
[Date "2006.??.??"]
[Round "4.3"]
[White "Vergeiner, Sandra"]
[Black "Gavric, Dragana"]
[Result "0-1"]
[WhiteElo "1368"]
[BlackElo "1311"]
[PlyCount "84"]
[EventDate "2006.06.03"]

1. e4 c5 2. Nf3 e6 3. d4 cxd4 4. Nxd4 Nc6 5. Be3 Nf6 6. Nc3 Qc7 7. Qd2 Be7 8.
O-O-O d6 9. Bc4 Ng4 10. Bf4 Nxd4 11. Qxd4 e5 12. Bxe5 dxe5 13. Qd5 Be6 14. Qb5+
Qc6 15. Qxc6+ bxc6 16. Bxe6 fxe6 17. Rhf1 Nxh2 18. Rh1 Ng4 19. Rhf1 O-O 20. f3
Ne3 21. Rd7 Nxf1 22. Rxe7 Rf6 23. Rc7 Ne3 24. Rxc6 Nxg2 25. Rd6 Nh4 26. Rd3
Rxf3 27. Rxf3 Nxf3 28. Kd1 Nd4 29. Ke1 Rf8 30. b3 Nxc2+ 31. Kd2 Nb4 32. Nb5 a5
33. Nc7 Rf6 34. a3 Nc6 35. Kc3 h5 36. b4 axb4+ 37. axb4 Nxb4 38. Kxb4 h4 39.
Kc5 h3 40. Kd6 Kf7 41. Kxe5 h2 42. Kd6 h1=Q 0-1

[Event "aut_ychg14 Deutschlandsberg"]
[Site "Deutschlandsberg, Laßnitzhaus"]
[Date "2006.??.??"]
[Round "4.4"]
[White "Steininger, Sandra"]
[Black "Windhager, Vanessa"]
[Result "1-0"]
[WhiteElo "1631"]
[BlackElo "1200"]
[PlyCount "81"]
[EventDate "2006.06.03"]

1. d4 d5 2. c4 Nc6 3. Nc3 Nf6 4. Bg5 e6 5. e3 Bb4 6. Rc1 Bxc3+ 7. Rxc3 Bd7 8.
Nf3 h6 9. Bh4 g5 10. Bg3 Ne4 11. Rc1 Nxg3 12. hxg3 f5 13. Bd3 Qf6 14. cxd5 exd5
15. Bb5 a6 16. Bxc6 Bxc6 17. Ne5 Rb8 18. Qc2 Rh7 19. b3 a5 20. Nxc6 Qxc6 21.
Qxc6+ bxc6 22. Rxc6 Rb6 23. Rxb6 cxb6 24. Kd2 Kd7 25. Kd3 Kc6 26. f4 gxf4 27.
gxf4 Kb5 28. a3 Rg7 29. Rxh6 Rxg2 30. a4+ Kb4 31. Rxb6+ Ka3 32. Rb5 Rb2 33.
Rxa5 Rxb3+ 34. Ke2 Rb4 35. Rxd5 Rxa4 36. Rxf5 Kb4 37. Rc5 Ra6 38. Kf3 Rd6 39.
Rc1 Kb5 40. f5 Rd5 41. Rc5+ 1-0

[Event "aut_ychb12 Deutschlandsberg"]
[Site "Deutschlandsberg, Laßnitzhaus"]
[Date "2006.??.??"]
[Round "5.1"]
[White "Wertjanz, David"]
[Black "Schnegg, Martin"]
[Result "1/2-1/2"]
[WhiteElo "1743"]
[BlackElo "1747"]
[PlyCount "117"]
[EventDate "2006.06.03"]

1. e4 c5 2. Nc3 d6 3. f4 Nc6 4. Nf3 g6 5. Bc4 e6 6. d3 Bg7 7. Be3 Nge7 8. Bb3
b6 9. d4 cxd4 10. Nxd4 e5 11. Ndb5 O-O 12. Nxd6 Ba6 13. f5 Nd4 14. Nxf7 Rxf7
15. Bxf7+ Kxf7 16. fxg6+ Nxg6 17. Qd2 Kg8 18. O-O-O Rc8 19. Kb1 b5 20. Bxd4
exd4 21. Ne2 Qc7 22. Rc1 Rd8 23. h4 Qe5 24. Qg5 Qxg5 25. hxg5 b4 26. Ng3 d3 27.
cxd3 Rxd3 28. Nf5 Be5 29. Nh6+ Kg7 30. Rcf1 Nf4 31. Nf5+ Kf8 32. Rf2 Bb7 33.
Re1 Kg8 34. Nh6+ Kg7 35. Nf5+ Kg6 36. g3 Ne6 37. Nh4+ Kg7 38. Nf5+ Kh8 39. g6
hxg6 40. Rh1+ Kg8 41. Nh6+ Kh8 42. Nf7+ Kg8 43. Nxe5 Rxg3 44. Re1 Nd4 45. b3
Nb5 46. Kb2 Nc3 47. Nd7 Bc6 48. Nf6+ Kg7 49. e5 Rd3 50. e6 Nd1+ 51. Rxd1 Rxd1
52. Ng4 Be8 53. Rc2 Re1 54. Rc7+ Kf8 55. Rxa7 Rxe6 56. Rb7 Re2+ 57. Kc1 Rxa2
58. Rxb4 Kf7 59. Rb7+ 1/2-1/2

[Event "aut_ychb12 Deutschlandsberg"]
[Site "Deutschlandsberg, Laßnitzhaus"]
[Date "2006.??.??"]
[Round "5.2"]
[White "Klocker, Elias"]
[Black "Handler, Lukas"]
[Result "1-0"]
[WhiteElo "1539"]
[BlackElo "1444"]
[PlyCount "41"]
[EventDate "2006.06.03"]

1. e4 c6 2. d4 d5 3. exd5 cxd5 4. c4 e6 5. Nc3 Nf6 6. Nf3 Be7 7. Bd3 O-O 8. O-O
Nc6 9. a3 Bd7 10. Bg5 h6 11. Bd2 Rc8 12. c5 Qc7 13. Qc1 Rfe8 14. Bxh6 gxh6 15.
Qxh6 Qd8 16. Ng5 Rf8 17. Rfe1 Nxd4 18. Re3 e5 19. Rg3 Nf5 20. Ne6+ Nxg3 21.
Qg7# 1-0

[Event "aut_ychb12 Deutschlandsberg"]
[Site "Deutschlandsberg, Laßnitzhaus"]
[Date "2006.??.??"]
[Round "5.3"]
[White "Kammerer, Gernot"]
[Black "Liao, Kevin"]
[Result "0-1"]
[WhiteElo "1626"]
[BlackElo "1525"]
[PlyCount "34"]
[EventDate "2006.06.03"]

1. e4 e5 2. Nf3 Nc6 3. Nc3 Nf6 4. d4 exd4 5. Nxd4 Bc5 6. Nxc6 bxc6 7. e5 Qe7 8.
Qe2 Nd5 9. Nxd5 cxd5 10. Bf4 O-O 11. Qd3 Rb8 12. O-O-O Bb7 13. f3 Bc6 14. h4
Rb4 15. g3 Rfb8 16. b3 Rd4 17. Qc3 Ba3+ 0-1

[Event "aut_ychb12 Deutschlandsberg"]
[Site "Deutschlandsberg, Laßnitzhaus"]
[Date "2006.??.??"]
[Round "5.4"]
[White "Ly, Daniel"]
[Black "Kessler, Luca"]
[Result "0-1"]
[WhiteElo "1504"]
[BlackElo "1663"]
[PlyCount "106"]
[EventDate "2006.06.03"]

1. d4 Nf6 2. c4 g6 3. Nf3 Bg7 4. g3 O-O 5. Bg2 d6 6. O-O Nbd7 7. b3 Re8 8. Bb2
c6 9. Nbd2 d5 10. Qc2 Qc7 11. e4 dxe4 12. Nxe4 Nxe4 13. Qxe4 Nf6 14. Qe5 Nd5
15. Qxc7 Nxc7 16. Rad1 Bg4 17. Rfe1 Rad8 18. h3 Bxf3 19. Bxf3 e6 20. Re2 Rd7
21. Red2 Red8 22. Kf1 Na6 23. Ke2 Bh6 24. Rc2 Nb4 25. Rc3 Nxa2 26. Rcd3 Nb4 27.
Rc3 Rxd4 28. Rxd4 Rxd4 29. Ba3 Rd2+ 30. Kf1 Bf8 31. Ke1 Ra2 32. Bc1 Bc5 33. Be2
Nc2+ 34. Kd1 Nd4 35. Re3 Nxe2 36. Rxe2 Rxe2 37. Kxe2 Kf8 38. Bd2 Ke7 39. b4 Bb6
40. c5 Bc7 41. Bc3 f5 42. f4 b6 43. Kd3 bxc5 44. bxc5 Kd7 45. Kc4 Kc8 46. Kb4
Kb7 47. Ka3 Ka6 48. Ka4 Bd8 49. Be5 Kb7 50. Bg7 g5 51. Be5 gxf4 52. Bxf4 Bc7
53. Be3 Bxg3 0-1

[Event "aut_ychb12 Deutschlandsberg"]
[Site "Deutschlandsberg, Laßnitzhaus"]
[Date "2006.??.??"]
[Round "5.5"]
[White "Dalnodar, Bernhard"]
[Black "Posch, Florian"]
[Result "0-1"]
[WhiteElo "1620"]
[BlackElo "1396"]
[PlyCount "56"]
[EventDate "2006.06.03"]

1. Nf3 d5 2. d4 Nf6 3. c4 e6 4. Nc3 Be7 5. Bg5 O-O 6. e3 b6 7. Qc2 Bb7 8. Bd3
h6 9. Bh4 c5 10. O-O dxc4 11. Bxc4 Bxf3 12. gxf3 cxd4 13. Rfd1 Nc6 14. Bb5 Qc7
15. Bxc6 Qxc6 16. Rxd4 Qxf3 17. Rf4 Qh5 18. f3 g5 19. Ne4 Nxe4 20. Rxe4 gxh4
21. Rg4+ Kh8 22. Qc3+ f6 23. Qc4 Qf5 24. Rxh4 Rg8+ 25. Kf2 Kh7 26. Rd1 Rac8 27.
Qf4 Qc2+ 28. Ke1 Rg1# 0-1

[Event "aut_ychb12 Deutschlandsberg"]
[Site "Deutschlandsberg, Laßnitzhaus"]
[Date "2006.??.??"]
[Round "5.6"]
[White "Duan, Felix"]
[Black "Stolzlechner, Andreas"]
[Result "1-0"]
[WhiteElo "1372"]
[BlackElo "1534"]
[PlyCount "63"]
[EventDate "2006.06.03"]

1. Nf3 d5 2. g3 g6 3. Bg2 Bg7 4. d3 e6 5. O-O Nc6 6. c4 Nge7 7. Nc3 O-O 8. Bd2
b6 9. Qc1 Re8 10. Bh6 Bb7 11. Bxg7 Kxg7 12. b3 Qd7 13. Qb2 Kg8 14. Rad1 Rac8
15. e4 Nb8 16. exd5 exd5 17. Rfe1 c6 18. Re2 a5 19. Rde1 Na6 20. Ng5 Nc7 21.
Bh3 f5 22. Qa3 c5 23. Na4 Na8 24. d4 Qd6 25. Re6 Qc7 26. dxc5 bxc5 27. Nxc5
Qxc5 28. Qxc5 Rxc5 29. Rxe7 Rxe7 30. Rxe7 Rc7 31. Re8+ Kg7 32. Ne6+ 1-0

[Event "aut_ychb12 Deutschlandsberg"]
[Site "Deutschlandsberg, Laßnitzhaus"]
[Date "2006.??.??"]
[Round "5.7"]
[White "Buchner, Gernot"]
[Black "Cortolezis, Leander"]
[Result "1/2-1/2"]
[WhiteElo "1499"]
[BlackElo "1523"]
[PlyCount "52"]
[EventDate "2006.06.03"]

1. e4 c5 2. Nc3 Nc6 3. Bc4 Nf6 4. d3 g6 5. a3 Bg7 6. Nf3 O-O 7. O-O d6 8. h3
Bd7 9. Bd2 a6 10. Qc1 b5 11. Ba2 Qc7 12. Bh6 Rab8 13. Bxg7 Kxg7 14. Nd5 Nxd5
15. Bxd5 e6 16. Bxc6 Bxc6 17. c3 Qb7 18. Nh2 d5 19. Ng4 f6 20. exd5 Bxd5 21.
Ne3 Rfd8 22. Qc2 c4 23. Nxd5 Rxd5 24. d4 a5 25. b4 a4 26. Rfe1 Rg5 1/2-1/2

[Event "aut_ychb12 Deutschlandsberg"]
[Site "Deutschlandsberg, Laßnitzhaus"]
[Date "2006.??.??"]
[Round "5.8"]
[White "Riemelmoser, Markus"]
[Black "Steiner, Lucia"]
[Result "1/2-1/2"]
[WhiteElo "1505"]
[BlackElo "1403"]
[PlyCount "65"]
[EventDate "2006.06.03"]

1. c4 e5 2. Nc3 Nf6 3. Nf3 Nc6 4. g3 Bb4 5. Bg2 O-O 6. O-O d6 7. a3 Bxc3 8.
bxc3 Be6 9. d3 h6 10. Rb1 Rb8 11. Qc2 Qd7 12. Re1 Bh3 13. Bh1 Nh7 14. d4 f5 15.
d5 Ne7 16. e4 f4 17. Bg2 Bxg2 18. Kxg2 Qg4 19. Qe2 Ng5 20. Nxg5 Qxg5 21. Kg1
Ng6 22. Kh1 Rf7 23. Rg1 Qe7 24. gxf4 Nxf4 25. Bxf4 Rxf4 26. f3 b6 27. Rg3 Rbf8
28. Rf1 Qd7 29. Qg2 R8f7 30. Rg1 Qe7 31. Rf1 a5 32. Rg6 Qf8 33. Rg3 1/2-1/2

[Event "aut_ychb12 Deutschlandsberg"]
[Site "Deutschlandsberg, Laßnitzhaus"]
[Date "2006.??.??"]
[Round "5.9"]
[White "Pilsan, Aaron"]
[Black "Hoertnagl, Martin"]
[Result "0-1"]
[WhiteElo "1459"]
[BlackElo "1420"]
[PlyCount "56"]
[EventDate "2006.06.03"]

1. e4 d5 2. exd5 Qxd5 3. Nc3 Qa5 4. d4 Nf6 5. Nf3 Bf5 6. Bd2 e6 7. Bc4 c6 8.
O-O Bb4 9. a3 Bxc3 10. Bxc3 Qc7 11. Re1 O-O 12. Qd2 b5 13. Bd3 Nd5 14. Bxf5
exf5 15. Rad1 Nd7 16. Qd3 g6 17. Ng5 N7f6 18. Qh3 Rfe8 19. Rxe8+ Rxe8 20. Qd3
Ng4 21. Nf3 c5 22. dxc5 Qxc5 23. Bd4 Qc6 24. Bxa7 Nf4 25. Qd7 Qxd7 26. Rxd7 Ne5
27. Nxe5 Rxe5 28. g3 Re1# 0-1

[Event "aut_ychb12 Deutschlandsberg"]
[Site "Deutschlandsberg, Laßnitzhaus"]
[Date "2006.??.??"]
[Round "5.10"]
[White "Strantz, Joerg"]
[Black "Kainz, Jakob"]
[Result "1-0"]
[WhiteElo "1375"]
[BlackElo "1283"]
[PlyCount "81"]
[EventDate "2006.06.03"]

1. d4 d5 2. c4 e6 3. Nc3 c6 4. Nf3 Nf6 5. Bg5 Nbd7 6. e3 Qa5 7. cxd5 Nxd5 8.
Qd2 Bb4 9. Rc1 N7f6 10. Bxf6 Nxf6 11. a3 Bd6 12. Bd3 b6 13. O-O Bd7 14. Rfe1
Qh5 15. h3 O-O 16. e4 e5 17. Be2 exd4 18. Nxd4 Qg6 19. Qe3 Nh5 20. Bxh5 Qxh5
21. e5 Bc5 22. b4 Bxd4 23. Qxd4 Qg6 24. Qxd7 Rae8 25. Qxa7 Ra8 26. Qxb6 Rxa3
27. e6 fxe6 28. Qxc6 Rf6 29. Qc8+ Rf8 30. Qxe6+ Qxe6 31. Rxe6 Rc8 32. Re3 Rb3
33. b5 g6 34. Kh2 Kg7 35. Kg3 Rc4 36. Kf3 h5 37. g3 g5 38. Kg2 Kf6 39. Nd5+ Kf5
40. Rxc4 Rxb5 41. Nc3 1-0

[Event "aut_ychb14 Deutschlandsberg"]
[Site "Deutschlandsberg, Laßnitzhaus"]
[Date "2006.??.??"]
[Round "5.1"]
[White "Azad, Razik"]
[Black "Schreiner, Peter"]
[Result "1-0"]
[WhiteElo "1846"]
[BlackElo "1878"]
[PlyCount "72"]
[EventDate "2006.06.03"]

1. e4 c5 2. Nf3 d6 3. d4 cxd4 4. Nxd4 Nf6 5. Nc3 g6 6. Be3 Bg7 7. f3 O-O 8. Qd2
Nc6 9. O-O-O d5 10. exd5 Nxd5 11. Nxc6 bxc6 12. Bd4 e5 13. Bc5 Be6 14. Ne4 Rb8
15. h4 Qc7 16. Bc4 Rfd8 17. Qf2 Qb7 18. b3 h6 19. g4 a5 20. a4 Nf4 21. Bxe6
Nxe6 22. Rxd8+ Rxd8 23. Bb6 Rd5 24. g5 hxg5 25. hxg5 Qe7 26. Qh4 Nf4 27. Bc5
Ne2+ 28. Kb2 Rxc5 29. Nf6+ Bxf6 30. gxf6 Rxc2+ 31. Kxc2 Qc5+ 32. Kd2 Qc3+ 33.
Kxe2 Qc2+ 34. Kf1 Qd1+ 35. Kg2 Qd2+ 36. Kg3 Qf4+ 1-0

[Event "aut_ychb14 Deutschlandsberg"]
[Site "Deutschlandsberg, Laßnitzhaus"]
[Date "2006.??.??"]
[Round "5.2"]
[White "Hartl, Daniel"]
[Black "Kozomara, David"]
[Result "1-0"]
[WhiteElo "1865"]
[BlackElo "1715"]
[PlyCount "85"]
[EventDate "2006.06.03"]

1. e4 c6 2. d4 d5 3. e5 Bf5 4. Nc3 e6 5. g4 Bg6 6. Nge2 Ne7 7. h4 h5 8. Nf4
hxg4 9. Nxg6 Nxg6 10. h5 Ne7 11. Bd3 Nd7 12. Qxg4 Qb6 13. Bd2 O-O-O 14. Na4 Qc7
15. Bb4 g6 16. O-O-O f5 17. exf6 Nf5 18. Bxf8 Rdxf8 19. hxg6 Nxf6 20. Qg5 Rhg8
21. Nc5 Ng7 22. Rdg1 Ne4 23. Bxe4 dxe4 24. Rh7 Qd6 25. c3 Rxf2 26. Nxe4 Qf4+
27. Qxf4 Rxf4 28. Nd6+ Kb8 29. Nf7 Nf5 30. g7 Kc7 31. Ne5 Kd6 32. Rh8 Rxg7 33.
Rxg7 Rf1+ 34. Kc2 Nxg7 35. Rd8+ Ke7 36. Rd7+ Kf8 37. Rxb7 Nf5 38. Nxc6 a6 39.
Ne5 Rf2+ 40. Kb3 a5 41. Ra7 Nd6 42. Rxa5 Rxb2+ 43. Kxb2 1-0

[Event "aut_ychb14 Deutschlandsberg"]
[Site "Deutschlandsberg, Laßnitzhaus"]
[Date "2006.??.??"]
[Round "5.3"]
[White "Halvax, Georg"]
[Black "Binder, Michael"]
[Result "1-0"]
[WhiteElo "1883"]
[BlackElo "1818"]
[PlyCount "93"]
[EventDate "2006.06.03"]

1. e4 c5 2. Nf3 Nc6 3. d4 cxd4 4. Nxd4 Nf6 5. Nc3 e5 6. Ndb5 d6 7. Nd5 Nxd5 8.
exd5 Ne7 9. c4 Nf5 10. Bd3 g6 11. Bd2 a6 12. Nc3 Bg7 13. Ne4 h5 14. h3 h4 15.
Qa4+ Qd7 16. Qxd7+ Kxd7 17. Bb4 b6 18. Rc1 Bf8 19. O-O Be7 20. f4 f6 21. Rce1
Kc7 22. Bc3 a5 23. b3 Rf8 24. a3 Bb7 25. Ra1 Kd7 26. Be1 Rh8 27. Nd2 Rh5 28.
Be2 Rhh8 29. Bg4 Raf8 30. Nf3 Kc7 31. Bxf5 gxf5 32. Nxh4 Re8 33. Nxf5 Bf8 34.
Kh2 Bc8 35. fxe5 fxe5 36. Bd2 Rh5 37. Ng3 Rh7 38. Rf3 Bg4 39. Rf2 Bg7 40. Rf7+
Kd8 41. Raf1 e4 42. Bf4 Reh8 43. Bg5+ Kc8 44. Rxg7 Rxg7 45. Bf6 Rgh7 46. Bxh8
Rxh8 47. Nxe4 1-0

[Event "aut_ychb14 Deutschlandsberg"]
[Site "Deutschlandsberg, Laßnitzhaus"]
[Date "2006.??.??"]
[Round "5.4"]
[White "Widhalm, Florian"]
[Black "Lumetzberger, Dominik"]
[Result "0-1"]
[WhiteElo "1787"]
[BlackElo "1673"]
[PlyCount "70"]
[EventDate "2006.06.03"]

1. e4 c5 2. Nf3 d6 3. d4 cxd4 4. Nxd4 Nf6 5. Nc3 g6 6. Be2 Bg7 7. Be3 O-O 8.
O-O Nc6 9. Nb3 Be6 10. f4 Qd7 11. h3 Rfc8 12. Qe1 Nb4 13. Bd3 Bc4 14. Qe2 Nh5
15. Bxc4 Ng3 16. Bxf7+ Kxf7 17. Qf3 Nxf1 18. Rxf1 e6 19. f5 exf5 20. exf5 gxf5
21. Qh5+ Kg8 22. Nd4 Rf8 23. Nxf5 Qe6 24. Rf3 Rf7 25. Qg4 Qg6 26. Qc4 Nc6 27.
Rf2 Ne5 28. Qd5 Kh8 29. Nxd6 Rxf2 30. Bxf2 Rf8 31. Nce4 Nf3+ 32. Kh1 Ne5 33.
Kg1 Qh5 34. c4 Qe2 35. Qd2 Rxf2 0-1

[Event "aut_ychb14 Deutschlandsberg"]
[Site "Deutschlandsberg, Laßnitzhaus"]
[Date "2006.??.??"]
[Round "5.5"]
[White "Dimitriadis, Philipp"]
[Black "Peschek, Marcel"]
[Result "0-1"]
[WhiteElo "1646"]
[BlackElo "1549"]
[PlyCount "100"]
[EventDate "2006.06.03"]

1. e4 c5 2. Nf3 Nc6 3. d4 cxd4 4. Nxd4 Nf6 5. Nc3 a6 6. Be2 e6 7. Bg5 Be7 8.
O-O d6 9. Qd2 O-O 10. Rad1 Ne8 11. Bxe7 Qxe7 12. a3 Bd7 13. Qe3 Nxd4 14. Rxd4
Bc6 15. Rfd1 Rc8 16. Qg3 Kh8 17. e5 dxe5 18. Qxe5 Qf6 19. Qg3 Qe7 20. Rg4 Rd8
21. Bd3 g6 22. Rh4 Kg7 23. Qf4 Rh8 24. Qg3 Nd6 25. Re1 Rd7 26. Rg4 Qd8 27. h4
Nf5 28. Bxf5 exf5 29. Rf4 Re8 30. Rxe8 Qxe8 31. Rxf5 Rd2 32. Re5 Qb8 33. Qe3
Qd6 34. Ne4 Rd1+ 35. Kh2 Bxe4 36. Qxe4 f6 37. Qxb7+ Kh6 38. g4 Qxe5+ 39. Kg2
Qd5+ 40. Qxd5 Rxd5 41. Kf3 Rd2 42. c4 Rc2 43. b3 Rc3+ 44. Ke4 Rxb3 45. c5 Kg7
46. Kd5 Kf7 47. Kd6 Rd3+ 48. Kc7 Rxa3 49. c6 Ke7 50. Kb8 Rc3 0-1